000 03810cam a2200349 i 4500
001 23227104
003 OSt
005 20260422103805.0
006 m |o d |
008 260420b |||||||| |||| 00| 0 eng d
010 _a 2023008998
020 _a9781003015093
_q(ebook)
020 _z9780367857882
_q(hardback)
020 _z9781032539553
_q(paperback)
035 _a23227104
040 _aMMARA-U
_beng
_cMMARA-U
_eMMARA-U
_dMMARA-U
050 _aK 123 .L43 2024
245 0 0 _aLeading works in legal ethics /
_cedited by Julian Webb.
250 _aFirst edition.
260 _aNew York, NY :
_bRoutledge,
_c2024
264 1 _aAbingdon, Oxon [UK] ;
_aNew York, NY :
_bRoutledge,
_c2024.
504 _aIncludes bibliographical references and index.
505 0 _aIntroduction : surfing the waves of legal ethics scholarship / Julian Webb and Nicola Hard -- Community, goodness, and solidarity in legal ethics / W Bradley Wendel -- The lost lawyer regained-virtue, liberalism, and citizenship in lawyers' ethics / Reid Mortensen -- Human dignity as the ground of legal ethics : the lawyer's role revisited, from Luban to Levinas / Julian Webb -- Back to basics, and beyond belief : the radical re-valuation project of the new standard conception / Rob Atkinson -- The fragility of legal ethics : on the role of theory, lawyerly virtues, and moral remainders in the life of a good lawyer / Iris van Domselaar -- Repentence : did Atticus defend Jim Crow? / Tim Dare -- The ghost of the profession's past / Rebecca Roiphe -- In search of public interest lawyering : what does it take to give practical content to better professional norms? / Richard Moorhead and Steven Vaughan -- Race matters : white dispatches from the professional front / Allan C Hutchinson -- Revisiting Stanley Milgram's obedience to authority : an engaged followership perspective on legal ethics / Tigran W Eldred -- James Rest's Four component model (FCM) : a case for its central place in legal ethics / Justine Rogers and Hugh Breakey -- Not the end of lawyers, but a beginning-the place of entrepreneurship and innovation in legal ethics / Renee Knake Jefferson and Russell G. Pearce.
520 _a"This volume reviews and takes stock of legal ethics, at a time when the legal profession globally is experiencing considerable change and challenges, through a re-evaluation of writings that are in some way foundational to the field. Legal ethics, understood here as the study of the ethics and professional regulation of lawyers, has emerged as a novel and important field of study over the last 50 years. It is also one that displays considerable diversity in its scholarship, with distinctive philosophical and interdisciplinary approaches emerging over the years to underpin and supplement the doctrinal 'law on lawyering'. With contributions from leading and emerging scholars from the United States, Australia, Canada, the Netherlands, New Zealand and the United Kingdom, this collection offers not just critical insights into the authors' chosen texts, but a thought-provoking commentary on the current state of legal ethics scholarship and its future directions. In addition to being an essential resource for scholars and students of legal ethics theory, it will also be of interest to academics and researchers in legal theory, the philosophy of law, and applied ethics"--
_cProvided by publisher.
588 _aDescription based on print version record.
650 0 _aLegal ethics.
_92973
650 0 _aLawyers.
_92974
650 0 _aPractice of law.
_92975
700 1 _aWebb, Julian S.,
_eeditor.
_92976
776 0 8 _iPrint version:
_tLeading works in legal ethics
_bFirst edition.
_dAbingdon, Oxon [UK] ; New York, NY : Routledge, 2023
_z9780367857882
_w(DLC) 2023008997
942 _2lcc
_cLOAN LOAN
999 _c33477
_d33474